| 000 | 00927nam a2200265 a 4500 | ||
|---|---|---|---|
| 001 | 000044808 | ||
| 005 | 20240510192657.0 | ||
| 008 | 150113s2014 dr ac r 000 0 spa d | ||
| 020 | _a9789945166170 | ||
| 040 |
_aDO-SdBNP _bspa _cBNPHU |
||
| 082 |
_a363.7 _bW891m |
||
| 100 | 1 |
_aWooding, Bridget _92231 |
|
| 245 | 1 | 0 |
_aMigración y medio ambiente : _buna reflexión pertinente / _cBridget Wooding y Marcos A. Morales. |
| 260 |
_aSanto Domingo : _bOBMICA, _c2014. |
||
| 300 |
_a79 p. : _bil., mapas, retrs ; _c28 cm. |
||
| 490 | 1 | _aMigration policy brief | |
| 534 | _aTexto en español, inglés y francés | ||
| 590 | _aInventariado, 2018/BT | ||
| 650 | 0 |
_aMedio ambiente _99250 |
|
| 651 | 4 |
_aRepública Dominicana _xMigración _92428 |
|
| 700 | 1 | 2 |
_aMorales, Marcos A. _972830 |
| 710 | 2 | 2 |
_aObservatorio Migrantes del Caribe _972831 |
| 830 | 0 |
_aMigration policy brief _972833 |
|
| 910 | _aValidado. Control de calidad. MFF | ||
| 999 |
_c44297 _d44297 |
||